Щоб "червоний півень" обминав ліси (Запис № 304442)

МАРК-запис
000 -Лідер
fixed length control field 00848nam a22001817a 4500
003 - Ідентифікатор контрольного номера
control field UA-OsUOA
001 - Контрольний номер
control field 18271
007 - Фіксоване поле фізичного опису
fixed length control field ta
008 - Елементи даних фіксованої довжини – загальна інформація
fixed length control field 20040426b un ||||| |||| 00| 0 ukr d
040 ## - Джерело каталогізації
Агенція оригінальної каталогізації UA-OsUOA
Агенція, яка здійснювала перезапис UA-OsUOA
Агенція, яка здійснювала модифікацію UA-OsUOA
100 ## - Основне введення – ім’я особи
Ім’я особи (НП) Тубіна С.
245 ## - Відомості про назву
Назва (НП) Щоб "червоний півень" обминав ліси
Решта назви (НП) [На базі Клесівського держлісгоспу Сарнен. р-ну проведено галузеву нараду-семінар, щоб перевірити готовність п-в ДЛГО "Рівнеліс" до роботи у пожежнонебезпечний період]
300 ## - Фізичний опис
Обсяг С.2
650 #7 - Додаткове предметне введення – тематичний термін
Тематичний термін чи географічна назва, як елемент введення (НП) Краєзнавча робота
Джерело заголовка чи терміна UDC
773 0# - Введення хост-одиниці (П)
Контрольний номер запису (П) 0
Назва (НП) Вісті Рівненщини
Місце, видавець та дата видання (НП) Рівне
-- 2004
Інформація про взаємозв’язок (П) №34/35/ 9 квіт./
942 ## - Додаткові елементи входу (Коха)
Тип елемента Koha Стаття періодики
955 ## - Код типу видання за змістом
Код типу видання за змістом (НП) інше

Немає доступних примірників.